| 000 | 00594nam a2200181 i 4500 | ||
|---|---|---|---|
| 999 |
_c7374 _d7374 |
||
| 003 | OSt | ||
| 005 | 20211021120123.0 | ||
| 008 | s2020 sp 000 u spa d | ||
| 020 | _a9788441542969 | ||
| 040 |
_aCDMR _cc _bcat |
||
| 100 | 1 |
_aKnaflic, Cole Nussbaumer _94671 |
|
| 245 |
_aStorytelling con datos : ejemplos prácticos / _cCole Nussbaumer Knaflic ; ilustrado por Catherine Madden |
||
| 260 |
_aMadrid : _bAnaya Multimedia, _c2021 |
||
| 300 |
_a399 pàgines ; _bil·lustracions, gràfics ; _c25 cm |
||
| 650 | 0 |
_93737 _aComunicació visual |
|
| 650 | 0 |
_94608 _aInfografia |
|
| 942 |
_2udc _cMON |
||